<?xml version="1.0" encoding="UTF-8"?>
<record
    xmlns:xsi="http://www.w3.org/2001/XMLSchema-instance"
    xsi:schemaLocation="http://www.loc.gov/MARC21/slim http://www.loc.gov/standards/marcxml/schema/MARC21slim.xsd"
    xmlns="http://www.loc.gov/MARC21/slim">

  <leader>01150    a2200157   4500</leader>
  <controlfield tag="003">OSt</controlfield>
  <controlfield tag="005">20260204161509.0</controlfield>
  <controlfield tag="008">260204b        |||||||| |||| 00| 0 eng d</controlfield>
  <datafield tag="020" ind1=" " ind2=" ">
    <subfield code="a">9788194338840</subfield>
  </datafield>
  <datafield tag="100" ind1=" " ind2=" ">
    <subfield code="a">&#x92D;&#x93E;&#x935;&#x947; &#x90F;&#x938;  </subfield>
    <subfield code="9">216613</subfield>
  </datafield>
  <datafield tag="245" ind1=" " ind2=" ">
    <subfield code="a">&#x930;&#x93E;&#x92E;&#x93E;&#x91A;&#x94D;&#x92F;&#x93E; &#x92A;&#x926;&#x91A;&#x93F;&#x928;&#x94D;&#x939;&#x93E;&#x902;&#x935;&#x930;&#x942;&#x928; &#x92A;&#x941;&#x937;&#x94D;&#x92A;&#x915; &#x935;&#x93F;&#x92E;&#x93E;&#x928;&#x93E;&#x928;&#x947; &#x92A;&#x902;&#x916; &#x92A;&#x938;&#x930;&#x932;&#x947; </subfield>
  </datafield>
  <datafield tag="260" ind1=" " ind2=" ">
    <subfield code="b">&#x92D;&#x93E;&#x930;&#x924;&#x940;&#x92F;  &#x935;&#x93F;&#x91A;&#x93E;&#x930;  &#x938;&#x93E;&#x927;&#x928;&#x93E;  &#x92A;&#x94D;&#x930;&#x915;&#x93E;&#x936;&#x928; </subfield>
    <subfield code="c">2024</subfield>
    <subfield code="a">&#x92A;&#x941;&#x923;&#x947; </subfield>
  </datafield>
  <datafield tag="300" ind1=" " ind2=" ">
    <subfield code="a">40pp.</subfield>
  </datafield>
  <datafield tag="520" ind1=" " ind2=" ">
    <subfield code="a">&#x935;&#x93E;&#x932;&#x94D;&#x92E;&#x93F;&#x915;&#x940; &#x930;&#x93E;&#x92E;&#x93E;&#x92F;&#x923;&#x93E;&#x92E;&#x927;&#x94D;&#x92F;&#x947; &#x92A;&#x94D;&#x930;&#x92D;&#x942; &#x930;&#x93E;&#x92E;&#x91A;&#x902;&#x926;&#x94D;&#x930;&#x93E;&#x902;&#x928;&#x940; &#x938;&#x940;&#x924;&#x93E;&#x92E;&#x93E;&#x908;&#x938;&#x939; &#x932;&#x902;&#x915;&#x93E; &#x924;&#x947; &#x905;&#x92F;&#x94B;&#x927;&#x94D;&#x92F;&#x93E; &#x92A;&#x94D;&#x930;&#x935;&#x93E;&#x938; '&#x92A;&#x941;&#x937;&#x94D;&#x92A;&#x915;' &#x935;&#x93F;&#x92E;&#x93E;&#x928;&#x93E;&#x928;&#x947; &#x915;&#x947;&#x932;&#x94D;&#x92F;&#x93E;&#x91A;&#x947; &#x935;&#x930;&#x94D;&#x923;&#x928; 123 &#x935;&#x94D;&#x92F;&#x93E; &#x938;&#x930;&#x94D;&#x917;&#x93E;&#x924; &#x906;&#x939;&#x947;. &#x92E;&#x939;&#x93E;&#x915;&#x935;&#x940; &#x915;&#x93E;&#x932;&#x93F;&#x926;&#x93E;&#x938;&#x93E;&#x928;&#x947; &#x939;&#x93E; &#x92A;&#x94D;&#x930;&#x935;&#x93E;&#x938; &#x924;&#x94D;&#x92F;&#x93E;&#x91A;&#x94D;&#x92F;&#x93E; '&#x930;&#x918;&#x941;&#x935;&#x902;&#x936;' &#x92F;&#x93E; &#x92E;&#x939;&#x93E;&#x915;&#x93E;&#x935;&#x94D;&#x92F;&#x93E;&#x91A;&#x94D;&#x92F;&#x93E; 13 &#x935;&#x94D;&#x92F;&#x93E; &#x938;&#x930;&#x94D;&#x917;&#x93E;&#x924; &#x936;&#x92C;&#x94D;&#x926;&#x92C;&#x926;&#x94D;&#x927; &#x915;&#x947;&#x932;&#x93E; &#x906;&#x939;&#x947;.</subfield>
  </datafield>
  <datafield tag="942" ind1=" " ind2=" ">
    <subfield code="c">BK</subfield>
    <subfield code="2">ddc</subfield>
  </datafield>
  <datafield tag="999" ind1=" " ind2=" ">
    <subfield code="c">370191</subfield>
    <subfield code="d">370191</subfield>
  </datafield>
  <datafield tag="952" ind1=" " ind2=" ">
    <subfield code="0">0</subfield>
    <subfield code="1">0</subfield>
    <subfield code="2">ddc</subfield>
    <subfield code="4">0</subfield>
    <subfield code="7">0</subfield>
    <subfield code="8">MCA</subfield>
    <subfield code="a">001</subfield>
    <subfield code="b">001</subfield>
    <subfield code="d">2026-02-03</subfield>
    <subfield code="e">188</subfield>
    <subfield code="g">245.00</subfield>
    <subfield code="l">0</subfield>
    <subfield code="p">KBJP-BK-3005</subfield>
    <subfield code="r">2026-02-03 00:00:00</subfield>
    <subfield code="v">350.00</subfield>
    <subfield code="w">2026-02-03</subfield>
    <subfield code="y">BK</subfield>
    <subfield code="z">3005</subfield>
  </datafield>
</record>
